| Tag |
First Indicator |
Second Indicator |
Subfields |
| LEADER |
00000nam a2200000 i 4500 |
| 001 |
in00004631997 |
| 006 |
m o d |
| 007 |
cr cnu|||unuuu |
| 008 |
180514s2018 sz ob 001 0 eng d |
| 005 |
20230619015257.5 |
| 019 |
|
|
|a 1035749135
|a 1057429507
|a 1097142700
|
| 020 |
|
|
|a 9783319787473
|q (electronic bk.)
|
| 020 |
|
|
|a 3319787470
|q (electronic bk.)
|
| 020 |
|
|
|z 9783319787466
|
| 020 |
|
|
|z 3319787462
|
| 024 |
8 |
|
|a 99992268052
|
| 035 |
|
|
|a (OCoLC)1035556402
|z (OCoLC)1035749135
|z (OCoLC)1057429507
|z (OCoLC)1097142700
|
| 037 |
|
|
|a com.springer.onix.9783319787473
|b Springer Nature
|
| 040 |
|
|
|a N$T
|b eng
|e rda
|e pn
|c N$T
|d N$T
|d YDX
|d UAB
|d EBLCP
|d OCLCF
|d OCLCQ
|d MERER
|d OCLCQ
|d BRX
|d UKAHL
|d UWW
|d UKMGB
|d AU@
|d OCLCQ
|d OCLCO
|d OCLCQ
|d U@J
|d OCLCQ
|d OCLCO
|d LUU
|
| 050 |
|
4 |
|a HM856
|b .J34 2018
|
| 072 |
|
7 |
|a SOC
|x 000000
|2 bisacsh
|
| 072 |
|
7 |
|a JNA
|2 bicssc
|
| 082 |
0 |
4 |
|a 303.4
|2 23
|
| 100 |
1 |
|
|a Jagodzinski, Jan,
|d 1948-
|e author.
|
| 245 |
1 |
0 |
|a Interrogating the Anthropocene :
|b Ecology, Aesthetics, Pedagogy, and the Future in Question /
|c Jan Jagodzinski, editor.
|
| 264 |
|
1 |
|a Cham, Switzerland :
|b Palgrave Macmillan,
|c [2018]
|
| 264 |
|
4 |
|c ©2018
|
| 300 |
|
|
|a 1 online resource.
|
| 336 |
|
|
|a text
|b txt
|2 rdacontent
|
| 337 |
|
|
|a computer
|b c
|2 rdamedia
|
| 338 |
|
|
|a online resource
|b cr
|2 rdacarrier
|
| 347 |
|
|
|a text file
|
| 347 |
|
|
|b PDF
|
| 490 |
1 |
|
|a Palgrave Studies in Educational Futures
|
| 588 |
|
|
|a Online resource; title from PDF title page (EBSCO, viewed May 17, 2018).
|
| 504 |
|
|
|a Includes bibliographical references and index.
|
| 505 |
0 |
|
|a Intro; Acknowledgements; Contents; Notes on Contributors; List of Figures; Chapter 1 Introduction: Interrogating the Anthropocene; Necrocene; A Radical Hypothesis; Responsibility and Coexistence; Anthropocene Imaginaries; Passive Vitalism and the Anthropocene, Non-human Interactions; What Is the Human?; New Materialism; The Commons; Artistic Responses; Divine and the Dark; References; Part I Capitalist Framing; Chapter 2 Struggles in the Planet Factory: Class Composition and Global Warming; Introduction: The Planet Factory; Miners and Roughnecks; Mass Worker; Cognitive Labor
|
| 505 |
8 |
|
|a Anti-extractivistsMigrants and Refugees; New Proletarians; Conclusion: Recompositions of Class and Climate; References; Chapter 3 Stuck in the Anthropocene: The Problem of History, Theory, and Practice in Jason W. Moore and John Bellamy Foster's Eco-Marxism; Introduction; Crutzen et al.; Eco-Marxist Criticism; Moore; The Capitalocene; The End of the Capitalocene?; Foster; The Anthropocene and Metabolic Rift; The Great Acceleration, Monopoly Capitalism, and Contemporary Environmentalism; Ecological Revolution?; Conclusion; References
|
| 505 |
8 |
|
|a Chapter 4 Making Our Way in a World of Our Making: The Anthropocene, Debt-Money, and the Pre-emptive Production of Our FutureAnthropocenic Artifice and the New Natures of Control; Open for Business and the Perpetuation of the Same in the Anthropocene; Nature's Biological Benefits and the Cultivation of Future Eco-Desires; References; Part II Planetary Projections; Chapter 5 Catch 'Em All and Let Man Sort 'Em Out: Animals and Extinction in the World of Pokémon GO; No Room Left for Nature; The Liquidation of Animals; The All-Too-Human Animal; The Changing Face of Monstrosity
|
| 505 |
8 |
|
|a Cutepanion Species in the AnthropoceneGotta Catch 'Em All; Chasing the Chthulucene; The Precarious Future of Animals; References; Chapter 6 Intervals of Resistance: Being True to the Earth in the Light of the Anthropocene; The Geological Time of the Anthropocene; Geophilosophy and Being True to the Earth; Affect and Art: The Visceral and Visionary; Intersection with Artistic Practice; Silence; Conclusion; References; Chapter 7 Sounding the Anthropocene; Introduction: Sounding; Anthropocene; Bioacoustics; Citizen Science; Conclusion: World/Earth; References
|
| 505 |
8 |
|
|a Part III Media and Artistic ResponsesChapter 8 Geoartistry: Invoking the Postanthropocene via Other-Than-Human Art; Style, Socius, Cosmos; Walking to the Edge of the Field; References; Chapter 9 "Like Watching a Movie": Notes on the Possibilities of Art in the Anthropocene; Introduction; The Soniferous Æther (2013), Charles Stankievech; Untilled (2012), Pierre Huyghe; Conclusion; References; Chapter 10 FOAMA or ... You Make Me Feel the Way Gasoline Looks on Water; Chapter 11 Catastrophism and Its Critics: On the New Genre of Environmentalist Documentary Film; Racing Extinction
|
| 650 |
|
0 |
|a Human beings
|x Effect of environment on.
|
| 650 |
|
0 |
|a Climatic changes
|x Effect of human beings on.
|
| 650 |
|
6 |
|a Homme
|x Influence de l'environnement.
|
| 650 |
|
6 |
|a Climat
|x Changements
|x Effets de l'homme sur.
|
| 650 |
|
7 |
|a SOCIAL SCIENCE
|x General.
|2 bisacsh
|
| 650 |
|
7 |
|a Climatic changes
|x Effect of human beings on.
|2 fast
|0 (OCoLC)fst01766583
|
| 650 |
|
7 |
|a Human beings
|x Effect of environment on.
|2 fast
|0 (OCoLC)fst00962843
|
| 655 |
|
7 |
|a Electronic books.
|2 local
|
| 710 |
2 |
|
|a EBSCOhost
|
| 776 |
1 |
8 |
|i Print version:
|a Jagodzinski, Jan, 1948-
|t Interrogating the Anthropocene.
|d Cham, Switzerland : Palgrave Macmillan, [2018]
|z 3319787462
|z 9783319787466
|w (OCoLC)1027130146
|
| 830 |
|
0 |
|a Palgrave studies in educational futures.
|
| 856 |
4 |
0 |
|u http://proxy.library.tamu.edu/login?url=https://search.ebscohost.com/login.aspx?direct=true&scope=site&db=nlebk&db=nlabk&AN=1808494
|z Connect to the full text of this electronic book
|t 0
|
| 945 |
|
|
|b 520110
|
| 955 |
|
|
|a YBP purchased firm e-records
|
| 999 |
f |
f |
|s 17b645df-7b52-47d0-9e39-c3fa5021a3a1
|i 35dde319-f1ee-4ffd-9dce-40f206b744de
|t 0
|
| 952 |
f |
f |
|a Texas A&M University
|b College Station
|c Electronic Resources
|d Available Online
|t 0
|e HM856 .J34 2018
|h Library of Congress classification
|
| 998 |
f |
f |
|a HM856 .J34 2018
|t 0
|l Available Online
|